01501nam a2200313 a 450000100100000000500170001000800410002702000180006804000130008608200150009910000320011424501120014626000790025830000280033749000450036550400730041070000280048370000290051170000250054070000320056570000340059783000520063104900090068395201180069295201280081095201130093895201190105199900170117000001588620200929164205.0100222s2009 dr a 000 0 spa d a9789945866056 aDO-SdBNP axxxbC348n1 aCastello, Pedro Luis93575913aEl nuevo modelo del sistema de salud :binicios, rutas y dificultades /cPedro Luis Castellano... [et al.]. aSanto Domingo :bPontificia Universidad Católica Madre y Maestra,c2009. a330 p. :bil. ;c22 cm.1 aForo políticas sociales y bienestarv7 aIncluye referencias bibliográficas y notas al pie de las páginas1 aLizardo, Jeffrey9357601 aMatías, Bernardo960041 aMorales, Luis9357611 aChupani, Chanel Rosa9357621 aSuárez, Rosa María935763 0aForo políticas sociales y bienestarn7935764 aBNPD 0010718DSaGRbGRcCTd2010-02-22iLF1l0oxxx C348np15886-30r2020-06-25te.3w2020-06-25yLFDSZNo se presta 001054708DSaGRbGRcCTd2011-04-14iLF1l0oxxx C348np15886-40r2020-06-25te. 4w2020-06-25yLFDSZPréstamo en sala 0010718PDaPDbPDcCTd2010-02-22iLF1l0oxxx C348np15886-10r2020-06-25w2020-06-25yLFPDZNo se presta 0010718PDaPDbPDcCTd2010-02-22iLF1l0oxxx C348np15886-20r2020-06-25te. 2w2020-06-25yLFPDZNo se presta c15428d15428